| 000 | 00861cam a22002533a 4500 | ||
|---|---|---|---|
| 001 | 11521 | ||
| 003 | PGUSA | ||
| 005 | 20140828083238.0 | ||
| 008 | 040301s2004||||xxu|||||s|||||000 1 eng d | ||
| 040 |
_aPGUSA _beng |
||
| 042 | _adc | ||
| 050 | 4 | _aPR | |
| 100 | 1 |
_aOliphant, _cMrs _q(Margaret), _d1828-1897 |
|
| 245 | 1 | 2 |
_aA Beleaguered City : _bBeing a Narrative of Certain Recent Events in the City of Semur, in the Department of the Haute Bourgogne. A Story of the Seen and the Unseen _h[electronic resource] / _cOliphant, |
| 260 |
_bProject Gutenberg, _c2004 |
||
| 506 | _aPublic domain in the USA. | ||
| 516 | _aElectronic text | ||
| 653 | _aBurgundy (France) -- Fiction | ||
| 653 | _aFantasy fiction, English | ||
| 653 | _aParanormal fiction | ||
| 830 | 0 |
_aProject Gutenberg _v11521 |
|
| 856 | 4 | 0 | _uhttp://www.gutenberg.org/ebooks/11521 |
| 942 | _cEB | ||
| 999 |
_c240776 _d240776 |
||